01574cam a22003131 4500001001300000003000400013005001700017008004100034010001700075035001800092040003800110050002400148051001500172245002800187260008800215300008300303440004800386500004200434500005600476500020800532505027800740650003001018700005101048700003401099700003401133700002901167710004701196999001701243gs 07000386 DLC20260227111305.0730306s1842 nyuafb 000 0 eng  ags 07000386  a(OCoLC)569426 aU.S. Geol. Survey Libr.cDLCdDLC00aQH105.N7bN2 div. 4 aQE145b.G400aGeology of New York ... aAlbany,bPrinted by Carroll & Cook, printers to the Assembly,c1842-43 [pt. 1, '43] a4 v.billus., plates (part fold., part col.) maps (part fold.) diagrs.c29 cm. 0aNatural history of New York ... ;v[div. 4] aAdded t.-p., engraved, with vignette. aParts 2-3 printed by W. & A. White and J. Visscher. aGeneral author and subject index may be found in "Index to publications of the New York state natural history survey and New York State museum. By Mary Ellis. 1903." (New York. State museum. Bulletin 66)0 apt. I. Geology of the first geological district, by W. W. Mather.--pt. II. Survey of the second geological district, by Ebenezer Emmons.--pt. III. Survey of the third geological district, by Lardner Vanuxem.--pt. IV. Survey of the fourth geological district, by James Hall. 0aGeologyzNew York (State)1 aMather, W. W.q(William Williams),d1804-1859.1 aEmmons, Ebenezer,d1799-1863.1 aVanuxem, Lardner,d1792-1848.1 aHall, James,d1811-1898.1 aNew York (State).bNatural History Survey. c24574d24574